00289nam a2200121Ia 4500008004100000082001700041100001800058245002700076250000800103260002500111300001100136650002000147150201s2003 xx 000 0 und d a617.96bP03H aHEALY, THOMAS aPRACTICE OF ANESTHESIA a7TH bARNOLDaLONDONc2003 a1-1435 aANAESTHESIOLOGY